000 00905nam a2200253Ia 4500
003 OSt
005 20221005113144.0
006 a|||||r|||| 00| 0
007 ta
008 221004b |||||||| |||| 00| 0 pan d
020 _c200
024 _a5547
037 _b647, 12/06/2013, H.K. Prakashan
_cTextual
040 _aCRL
_cCRL
_bpan
041 _2pan
_apan
082 _aO153,3N21x, P7
100 _aਰਾਮਿੰਦਰਾ ਅਜੀਤ ਸਿੰਘ
245 0 _aਕੁਦਰਤ ਦੇ ਨਿਰਾਲੇ ਰੰਗ
260 _aਨਵੀ੍ਵ
_bਦਿੱਲੀ ਛਾਬੜਾ ਫਾਈਨ ਆਰਟ ਪ੍ਰੇਸ ਭਾਰਤ
_c2007
300 _a169ਪੰ
_ccm.
650 _aਪੰਜਾਬੀ ਸਾਹਿਤ
942 _hO153,3N21x, P7
_cTEXL
_2cc
999 _c1027224
_d1027224